| 000 | 00381nam a22001217a 4500 | ||
|---|---|---|---|
| 082 | _a220 PRO | ||
| 100 |
_aSAQIB,MUDASSAR,UMAR _971670 |
||
| 245 | _aPR-SOF-1359-DESIGN AND FABRICATION OF A QUADRUPED MECHANICAL SPIDER USING COMPOSITES | ||
| 260 |
_aISLAMABAD _bNUST COLLEGE OF EME _c2014 |
||
| 650 |
_aDE-MECH-32 _971671 |
||
| 700 |
_aDR AAMER A BAQAI,DR RIZWAN _971672 |
||
| 942 | _cCR | ||
| 999 |
_c578065 _d578065 |
||